| 000 | 00777nam a2200253 4500 | ||
|---|---|---|---|
| 001 | 30052 | ||
| 003 | BD-RjUL | ||
| 005 | 20211209051513.0 | ||
| 008 | 140408s1971 caua b 001 0 eng | ||
| 035 | _a(BD-RjUL)30137 | ||
| 040 |
_aDLC _cDLC _dDLC _dBD-RjUL _beng |
||
| 041 | _aeng | ||
| 082 | 0 | 0 |
_a150.182 _bANP 1971 |
| 100 | 1 |
_aAnderson, Barry F. _991414 |
|
| 245 | 1 | 4 |
_aThe psychology experiment : _ban introduction to the scientific method / _cby Barry F. Anderson. |
| 250 | _a2d ed. | ||
| 260 |
_aBelmont, Calif. : _bBrooks/Cole Pub. Co., _c1971. |
||
| 300 |
_a184 p. : _bill. ; _c23 cm. |
||
| 504 | _aIncludes bibliographical references and index. | ||
| 650 | 0 |
_aPsychology _xExperiments. _95302 |
|
| 942 |
_2ddc _cBK |
||
| 999 |
_c30052 _d30052 |
||